Pays - Les 50 moins trouvés sur Jetpunk - Statistiques

Statistiques générales
  • Ce quiz a été pris 2 998 fois
    2 553 depuis la dernière actualisation
  • Le résultat moyen est 29 sur 50
Statistiques - réponses
Trouvé à... Pays % Correct
20 % Sainte-Lucie
74%
18 % Saint-Vincent-et-les-Grenadines
73%
30 % Fidji
72%
17 % Tuvalu
71%
16 % Saint-Christophe-et-Niévès
70%
20 % Vanuatu
70%
18 % Îles Marshall
69%
20 % Tonga
69%
15 % Nauru
68%
16 % Kiribati
67%
31 % Lesotho
67%
19 % Samoa
67%
21 % Micronésie
66%
17 % Sao Tomé-et-Principe
66%
24 % Eswatini
65%
15 % Palaos
65%
19 % Brunei
64%
17 % Salomon
64%
27 % Seychelles
64%
22 % Barbade
63%
22 % Dominique
63%
17 % Grenade
63%
29 % Saint-Marin
63%
20 % Trinité-et-Tobago
63%
17 % Antigua-et-Barbuda
62%
16 % Timor oriental
62%
24 % Comores
61%
21 % Bahreïn
60%
33 % Belize
59%
30 % Île Maurice
59%
31 % Bhoutan
57%
25 % Burundi
57%
28 % Djibouti
57%
24 % Kirghizistan
55%
29 % Tadjikistan
55%
26 % Maldives
54%
32 % Koweït
53%
27 % Guinée-Bissau
50%
28 % Guinée équatoriale
50%
31 % Bahamas
48%
33 % Érythrée
48%
31 % Salvador
48%
25 % Malawi
47%
32 % Singapour
46%
25 % Gambie
43%
26 % Sierra Leone
42%
30 % Liberia
37%
32 % Ouganda
34%
30 % Soudan du Sud
31%
31 % Botswana
26%
Aucun quiz correspondant
Distribution des résultats
% des personnes avec chaque résultat
Percentile par nombre de réponses
Votre historique - résultats
Vous n’avez pas pris ce quiz depuis la dernière actualisation